Environmental law (Record no. 295427)

MARC details
000 -LEADER
fixed length control field 00478nam a2200205Ia 4500
003 - CONTROL NUMBER IDENTIFIER
control field OSt
005 - DATE AND TIME OF LATEST TRANSACTION
control field 20241004094803.0
008 - FIXED-LENGTH DATA ELEMENTS--GENERAL INFORMATION
fixed length control field 240126s9999 xx 000 0 und d
020 ## - INTERNATIONAL STANDARD BOOK NUMBER
International Standard Book Number 9789389656329
040 ## - CATALOGING SOURCE
Transcribing agency 0
041 ## - LANGUAGE CODE
Language code of text/sound track or separate title English
082 ## - DEWEY DECIMAL CLASSIFICATION NUMBER
Classification number 344.046 SIN;1 R
100 ## - MAIN ENTRY--PERSONAL NAME
Personal name Singh, Gurdip. Amrita Bahri.
245 #0 - TITLE STATEMENT
Title Environmental law
250 ## - EDITION STATEMENT
Edition statement 2nd ed
260 ## - PUBLICATION, DISTRIBUTION, ETC.
Name of publisher, distributor, etc. Eastern Book Company
Place of publication, distribution, etc. Lucknow
300 ## - PHYSICAL DESCRIPTION
Extent xl, 568
440 ## - SERIES STATEMENT/ADDED ENTRY--TITLE
Title NULL
942 ## - ADDED ENTRY ELEMENTS (KOHA)
Koha item type Law Books
Source of classification or shelving scheme Dewey Decimal Classification
Holdings
Date last seen Total checkouts Total renewals Full call number Accession number Volume/Issue Number Date last checked out Cost, total (INR) price Price effective from Category Lost status Source of classification or shelving scheme Damaged status Department Withdrawn status Home library Current library Shelving location Entry date Vendor Cost, normal purchase price Grants Billnumber Currency symbol Conversion rate Discount
22/04/2026 12 2 344.046 SIN;1 R LL2756 (08/07/1905) 22/04/2026 408.75 26/01/2024 Law Books   Dewey Decimal Classification   LAW   Law Library Law Library   10/04/2023 ACM Trading 545.00 Law ACM/PESuni/2022-23/0055 RS 1 25
22/04/2026 13   344.046 SIN;2 R1 LL2757 (08/07/1905) 22/04/2026 408.75 26/01/2024 Law Books   Dewey Decimal Classification   LAW   Law Library Law Library   10/04/2023 ACM Trading 545.00 Law ACM/PESuni/2022-23/0055 RS 1 25

© For any Suggestions or Query, please contact the library staff @ librarian@pes.edu or Phone: +9180 2672 1983/ 2108.